00290pab a2200121 454500008004000000100002100040245004000061260000900101300001300110362001100123650001400134773002000148180718b2006 xxu||||| |||| 00| 0 eng d aBanerjee, Gautam aA living heritage we should cherish c2006 ap.60-63. a30 Jan aLanguages aUniversity News